Héros de Bandes Dessinées # 7 - Statistiques

Statistiques générales
  • Ce quiz a été pris 72 fois
  • Le résultat moyen est 7 sur 22
Statistiques - réponses
Par images Réponse % Correct
Poséidon
82%
Zeus
79%
Gontran
72%
Géo Trouvetout
67%
Spip
61%
les Rugbymen
47%
les Nombrils
46%
Antoine Polochon
32%
Ulysse
32%
Popop
30%
Gladys
26%
Amina
23%
le Proviseur
23%
Wayne Shelton
16%
Supergroom
14%
Totor
12%
les Labourdet
9%
les Petites Chipies
7%
Nävis
7%
Major Burns et Dr Wayne
5%
Miki et Oncle Harry
5%
Vick et Vicky
4%
Aucun quiz correspondant
Distribution des résultats
% des personnes avec chaque résultat
Percentile par nombre de réponses
Votre historique - résultats
Vous n’avez pas pris ce quiz